00585 2200241 4500001002100000005001500021008004100036020002200077035002000099082001400119084002000133100004600153245002100199250001000220260003300230300002000263990001000283990001000293990001000303990001000313990001000323990001000333INLIS00000000001401220181128102937181128| ||| 0 ind d a978-602-242-747-6 a0010-11180006680 a899.221 3 a899.221 3 LUT r0 aLutfiyana Assyifa Budi SantosoePengarang10aRindu Untuk Mama aCet 1 aBandung :bDAR! Mizan,c2015 a84 hlm ;c21 cm a50565 a50566 a50567 a50568 a50569 a50570